[Event "RUS-USA Collegiate"]
[Site "chess24.com INT"]
[Date "2021.01.09"]
[Round "2.4"]
[White "Chigaev, Maksim"]
[Black "Khairullin, Ildar"]
[Result "1/2-1/2"]
[WhiteElo "2631"]
[BlackElo "2615"]
[PlyCount "40"]
[EventDate "2021.01.09"]
[EventType "team-match (rapid)"]
[EventRounds "4"]
[EventCountry "USA"]
[SourceTitle "CBM 200 Extra"]
[Source "ChessBase"]
[SourceDate "2021.03.31"]
[SourceVersion "1"]
[SourceVersionDate "2021.03.31"]
[SourceQuality "1"]
[WhiteTeam "Ural State Mining Univ "]
[BlackTeam "Texas Rio Grande Valley Univ"]
[WhiteTeamCountry "RUS"]
[BlackTeamCountry "USA"]

1. e4 c6 2. Nf3 d5 3. d3 dxe4 4. dxe4 Qxd1+ 5. Kxd1 Nf6 6. Nbd2 g6 7. Ne5 Nbd7 8. Nd3 a5 9. a4 h5 10. h4 Ng4 11. Ke1 Bh6 12. Nb3 Bxc1 13. Rxc1 b6 14. Be2 Nge5 15. Nxe5 Nxe5 16. f3 c5 17. Nd2 Bd7 18. b3 0-0-0 19. Nc4 Nxc4 20. Bxc4 e6 1/2-1/2

[Event "RUS-chT 27th"]
[Site "Sochi"]
[Date "2020.11.23"]
[Round "5.1"]
[White "Belyakov, Bogdan"]
[Black "Khairullin, Ildar"]
[Result "0-1"]
[WhiteElo "2450"]
[BlackElo "2618"]
[PlyCount "108"]
[EventDate "2020.11.19"]
[EventType "team-tourn"]
[EventRounds "9"]
[EventCountry "RUS"]
[SourceTitle "CBM 199"]
[Source "ChessBase"]
[SourceDate "2020.12.31"]
[SourceVersion "1"]
[SourceVersionDate "2020.12.31"]
[SourceQuality "1"]
[WhiteTeam "Achimgaz QNAO"]
[BlackTeam "St Petersburg Bronze Horseman"]
[WhiteTeamCountry "RUS"]
[BlackTeamCountry "RUS"]

1. e4 c5 2. c3 d5 3. exd5 Qxd5 4. d4 Nf6 5. Nf3 Nc6 6. Nbd2 cxd4 7. Bc4 Qd8 8. cxd4 e6 9. Nb1 Be7 10. 0-0 0-0 11. Nc3 a6 12. Bb3 Na5 13. Bc2 b5 14. Qd3 Bb7 15. Ng5 g6 16. a3 Qb6 17. Rd1 Rad8 18. Qh3 Rxd4 19. Be3 Rxd1+ 20. Rxd1 Qc7 21. Rd4 Nc4 22. Rh4 Nxe3 23. fxe3 h5 24. Nxe6 fxe6 25. Bxg6 Qe5 26. Bxh5 Bc5 27. Nd1 Rd8 28. Be2 Kf7 29. Kf1 Qf5+ 30. Qxf5 exf5 31. a4 b4 32. Rc4 Ne4 33. Ke1 Ke6 34. Bf3 Bd5 35. Rc1 Bb6 36. g4 fxg4 37. Bxg4+ Ke5 38. Bf3 a5 39. Rc2 Rg8 40. Ke2 Rf8 41. Rc1 Ng3+ 42. hxg3 Bxf3+ 43. Ke1 Rd8 44. Nf2 Bxe3 45. Rc7 Kd4 46. Ra7 Rd5 47. Rf7 Bxf2+ 48. Kxf2 Bd1 49. Rg7 Kc4 50. g4 Kb3 51. g5 Kxb2 52. g6 Bxa4 53. Ra7 Bb3 54. g7 Rg5 0-1

[Event "RUS-chT 24th"]
[Site "Sochi"]
[Date "2017.05.10"]
[Round "7.5"]
[White "Natacheev, Peter"]
[Black "Khairullin, Ildar"]
[Result "1/2-1/2"]
[WhiteElo "2296"]
[BlackElo "2624"]
[PlyCount "92"]
[EventDate "2017.05.01"]
[EventType "team-swiss"]
[EventRounds "7"]
[EventCountry "RUS"]
[SourceTitle "CBM 178"]
[Source "ChessBase"]
[SourceDate "2017.05.14"]
[SourceVersion "1"]
[SourceVersionDate "2017.05.14"]
[SourceQuality "1"]
[WhiteTeam "Samara Zhiguli"]
[BlackTeam "St Petersburg Bronze Horseman"]
[WhiteTeamCountry "RUS"]
[BlackTeamCountry "RUS"]

1. d4 f5 2. Nf3 Nf6 3. g3 g6 4. Bg2 Bg7 5. 0-0 0-0 6. c4 d6 7. Nc3 Qe8 8. Bg5 c6 9. Qd2 e5 10. dxe5 dxe5 11. Bh6 e4 12. Nd4 Bxh6 13. Qxh6 Qe5 14. Rad1 Be6 15. Nxe6 Qxe6 16. b3 Nbd7 17. f3 exf3 18. exf3 Rfe8 19. Qd2 Qe3+ 20. Rf2 Qe7 21. Re2 Qc5+ 22. Qd4 Rxe2 23. Nxe2 a5 24. Qxc5 Nxc5 25. Nc3 Kf7 26. Kf2 Ke7 27. Ke3 Nfd7 28. f4 Re8 29. Kd2 Kd6 30. Kc2+ Kc7 31. a3 Nf6 32. Bf3 Re3 33. Rf1 a4 34. bxa4 Re8 35. Bd1 Nfd7 36. Rf2 Nb6 37. Re2 Rxe2+ 38. Bxe2 Nbxa4 39. Nxa4 Nxa4 40. Kb3 Nc5+ 41. Kc3 Kd6 42. Bf3 b6 43. Be2 Ne4+ 44. Kd4 Nc5 45. Kc3 Na6 46. Kd4 Nc5 1/2-1/2

[Event "RUS-chT 24th"]
[Site "Sochi"]
[Date "2017.05.01"]
[Round "1.3"]
[White "Khairullin, Ildar"]
[Black "Saveliev, Alexei"]
[Result "1/2-1/2"]
[WhiteElo "2624"]
[BlackElo "2369"]
[PlyCount "135"]
[EventDate "2017.05.01"]
[EventType "team-swiss"]
[EventRounds "7"]
[EventCountry "RUS"]
[SourceTitle "CBM 178"]
[Source "ChessBase"]
[SourceDate "2017.05.14"]
[SourceVersion "1"]
[SourceVersionDate "2017.05.14"]
[SourceQuality "1"]
[WhiteTeam "St Petersburg Bronze Horseman"]
[BlackTeam "St Petersburg SHSH"]
[WhiteTeamCountry "RUS"]
[BlackTeamCountry "RUS"]

1. e4 c5 2. Nf3 e6 3. d4 cxd4 4. Nxd4 a6 5. Nc3 Qc7 6. Bd3 Nf6 7. f4 d6 8. Qe2 Nbd7 9. g4 Nc5 10. g5 Nfd7 11. h4 b5 12. a3 Bb7 13. Bd2 g6 14. h5 Bg7 15. Nf3 Rg8 16. Rc1 Nb6 17. h6 Bh8 18. 0-0 0-0-0 19. Be1 f5 20. gxf6 g5 21. fxg5 Bxf6 22. Bd2 Nc4 23. Bxc4 bxc4 24. Qxc4 d5 25. exd5 Bxc3 26. Bf4 e5 27. Rcd1 exf4 28. bxc3 Ne6 29. Qxc7+ Kxc7 30. dxe6 Rxd1 31. Rxd1 Bxf3 32. Rd7+ Kc6 33. Rg7 Rh8 34. Rf7 Be4 35. Rxf4 Bg6 36. e7 Re8 37. Rf6+ Kd5 38. Rxa6 Rxe7 39. Kf2 Kc4 40. Kg3 Bxc2 41. Kf4 Bg6 42. a4 Kxc3 43. a5 Kd4 44. Rd6+ Kc5 45. Rf6 Re4+ 46. Kg3 Kd5 47. a6 Re3+ 48. Kg4 Re4+ 49. Kg3 Re7 50. Kf4 Ra7 51. Rb6 Rc7 52. Rf6 Rc4+ 53. Kg3 Rc3+ 54. Kg4 Rc4+ 55. Kg3 Rc7 56. Kf4 Bd3 57. g6 Bxg6 58. Rxg6 hxg6 59. Kg5 Ke5 60. Kxg6 Rc6+ 61. Kg7 Kf5 62. h7 Rc7+ 63. Kh6 Rc6+ 64. Kg7 Rc7+ 65. Kh6 Rc8 66. Kg7 Rc7+ 67. Kh6 Rc8 68. Kg7 1/2-1/2

[Event "RUS-ch blitz"]
[Site "Sochi"]
[Date "2016.10.04"]
[Round "16.11"]
[White "Afanasiev, Nikita"]
[Black "Khairullin, Ildar"]
[Result "0-1"]
[WhiteElo "2280"]
[BlackElo "2630"]
[PlyCount "64"]
[EventDate "2016.10.04"]
[EventType "swiss (blitz)"]
[EventRounds "22"]
[EventCountry "RUS"]
[SourceTitle "EXT 2017"]
[Source "ChessBase"]
[SourceDate "2016.10.25"]
[SourceVersion "1"]
[SourceVersionDate "2016.10.25"]
[SourceQuality "1"]

1. d4 Nf6 2. Bf4 g6 3. Nf3 Bg7 4. c3 0-0 5. e3 d6 6. Be2 Nh5 7. Bg5 f5 8. h4 h6 9. Bf4 Qe8 10. Na3 a6 11. Nd2 Nf6 12. Nac4 Nc6 13. a4 e5 14. Bh2 Qe7 15. Qc2 Kh8 16. b4 Bd7 17. Nb3 exd4 18. Nxd4 Ne5 19. Nd2 c5 20. bxc5 dxc5 21. N4f3 Neg4 22. Bf4 Nh5 23. g3 Nxf4 24. gxf4 Nxe3 25. fxe3 Qxe3 26. Ne5 Qg3+ 27. Kd1 Be8 28. Nd3 Rd8 29. Kc1 Bc6 30. Rf1 Qe3 31. Kb1 Qxe2 32. Re1 Qxd3 0-1

[Event "RUS-ch blitz"]
[Site "Sochi"]
[Date "2016.10.04"]
[Round "15.11"]
[White "Khairullin, Ildar"]
[Black "Afanasiev, Nikita"]
[Result "1-0"]
[WhiteElo "2630"]
[BlackElo "2280"]
[PlyCount "107"]
[EventDate "2016.10.04"]
[EventType "swiss (blitz)"]
[EventRounds "22"]
[EventCountry "RUS"]
[SourceTitle "EXT 2017"]
[Source "ChessBase"]
[SourceDate "2016.10.25"]
[SourceVersion "1"]
[SourceVersionDate "2016.10.25"]
[SourceQuality "1"]

1. d4 d6 2. Nf3 Bg4 3. e4 Nd7 4. h3 Bh5 5. c4 e5 6. Be2 Ngf6 7. Nc3 Be7 8. 0-0 0-0 9. Be3 c6 10. d5 a5 11. Nd2 Bg6 12. a3 Nc5 13. Qc2 a4 14. dxc6 bxc6 15. Bxc5 dxc5 16. Nf3 Bd6 17. Rad1 Qc7 18. Rd2 Ra7 19. Rfd1 Be7 20. Nh4 Rfa8 21. Nf5 Bf8 22. Bf3 Qb6 23. h4 Qa6 24. Qd3 h6 25. Be2 Kh8 26. Qe3 Qb6 27. Rc1 Ne8 28. Qg3 Qc7 29. h5 Bh7 30. Rcd1 Nf6 31. Qh4 Ng8 32. Bg4 Re8 33. Ne3 Nf6 34. Bf5 Bg8 35. Ng4 Be7 36. Nxf6 Bxf6 37. Qg4 Raa8 38. Rd7 Qb6 39. Qe2 Red8 40. g3 Rxd7 41. Rxd7 Ra7 42. Rxa7 Qxa7 43. Qd1 Qb7 44. Nxa4 Be7 45. Qd7 Qb3 46. Qxe7 Qxa4 47. Qxc5 Qd1+ 48. Kg2 Qxh5 49. Qxe5 f6 50. Qd4 Qg5 51. c5 h5 52. f4 Qh6 53. Qd8 h4 54. Be6 1-0

[Event "RUS-ch blitz"]
[Site "Sochi"]
[Date "2016.10.04"]
[Round "22.3"]
[White "Khairullin, Ildar"]
[Black "Riazantsev, Alexander"]
[Result "1-0"]
[WhiteElo "2630"]
[BlackElo "2651"]
[PlyCount "75"]
[EventDate "2016.10.04"]
[EventType "swiss (blitz)"]
[EventRounds "22"]
[EventCountry "RUS"]
[SourceTitle "EXT 2017"]
[Source "ChessBase"]
[SourceDate "2016.10.25"]
[SourceVersion "1"]
[SourceVersionDate "2016.10.25"]
[SourceQuality "1"]

1. d4 Nf6 2. c4 e6 3. Nf3 b6 4. a3 Bb7 5. Nc3 d5 6. cxd5 Nxd5 7. Qc2 Nd7 8. e4 Nxc3 9. bxc3 Be7 10. Bd3 0-0 11. 0-0 c5 12. Qe2 Re8 13. Bb2 Qc7 14. Nd2 a6 15. a4 Bd6 16. g3 Bf8 17. f4 f5 18. e5 g6 19. Nf3 cxd4 20. cxd4 Be7 21. h3 Nf8 22. Kh2 Qd7 23. Rf2 Rec8 24. g4 Bb4 25. gxf5 exf5 26. Rg1 Bd5 27. Bxa6 Ne6 28. Bxc8 Rxc8 29. Qe3 Qxa4 30. Ng5 Nxg5 31. fxg5 Qd7 32. Rc1 Be7 33. Ba3 Rxc1 34. Qxc1 Bd8 35. Bd6 Qe6 36. Rc2 h6 37. Rc8 Qd7 38. Qc7 1-0

[Event "RUS-ch blitz"]
[Site "Sochi"]
[Date "2016.10.04"]
[Round "8.11"]
[White "Matinian, Nikita"]
[Black "Khairullin, Ildar"]
[Result "1-0"]
[WhiteElo "2495"]
[BlackElo "2630"]
[PlyCount "145"]
[EventDate "2016.10.04"]
[EventType "swiss (blitz)"]
[EventRounds "22"]
[EventCountry "RUS"]
[SourceTitle "EXT 2017"]
[Source "ChessBase"]
[SourceDate "2016.10.25"]
[SourceVersion "1"]
[SourceVersionDate "2016.10.25"]
[SourceQuality "1"]

1. Nf3 Nf6 2. b3 d5 3. Bb2 Bf5 4. e3 e6 5. c4 c6 6. Nc3 h6 7. Be2 Bd6 8. 0-0 0-0 9. Rc1 a6 10. d3 Re8 11. h3 e5 12. cxd5 cxd5 13. e4 dxe4 14. dxe4 Nxe4 15. Nxe4 Bxe4 16. Nxe5 Nc6 17. Nxc6 Bxc6 18. Bf3 Bxf3 19. Qxf3 Qe7 20. Qg4 Be5 21. Rfe1 Qf6 22. Bxe5 Rxe5 23. Rc8+ Rxc8 24. Qxc8+ Kh7 25. Rxe5 Qxe5 26. Qxb7 Qe1+ 27. Kh2 Qxf2 28. Qxa6 Qf4+ 29. Kg1 Qe3+ 30. Kf1 Qc1+ 31. Kf2 Qf4+ 32. Ke2 Qe4+ 33. Kf2 Qf4+ 34. Ke2 Qe4+ 35. Kf1 Qf4+ 36. Ke1 Qc1+ 37. Ke2 Qc2+ 38. Kf3 Qf5+ 39. Ke3 Qg5+ 40. Kd4 Qxg2 41. Qd3+ g6 42. a4 Qf2+ 43. Kc4 Qb6 44. Qd5 Qc7+ 45. Kd3 h5 46. a5 Qg3+ 47. Kc2 Qf2+ 48. Kc3 Qe3+ 49. Kb4 Qxh3 50. Qxf7+ Kh6 51. Qf4+ Kh7 52. a6 Qd7 53. Qe4 Qd6+ 54. Kb5 Qd7+ 55. Kb6 Qd6+ 56. Kb7 Qd7+ 57. Kb6 Qd6+ 58. Kb5 Qd7+ 59. Ka5 Qc7+ 60. Kb5 Qd7+ 61. Kb6 Qd6+ 62. Kb5 Qd7+ 63. Kc5 Qa7+ 64. Kb5 Qd7+ 65. Qc6 Qd3+ 66. Ka4 Qd4+ 67. b4 Qa1+ 68. Kb5 Qe5+ 69. Kb6 Qd4+ 70. Qc5 Qf6+ 71. Kb7 Qf3+ 72. Qc6 Qf4 73. Qc7+ 1-0

[Event "RUS-ch rapid"]
[Site "Sochi"]
[Date "2016.10.03"]
[Round "6"]
[White "Shcherbakov, Ruslan"]
[Black "Khairullin, Ildar"]
[Result "1/2-1/2"]
[WhiteElo "2516"]
[BlackElo "2630"]
[PlyCount "41"]
[EventDate "2016.10.02"]
[EventType "swiss (rapid)"]
[EventRounds "10"]
[EventCountry "RUS"]
[SourceTitle "CBM 174 Extra"]
[Source "ChessBase"]
[SourceDate "2016.10.10"]
[SourceVersion "1"]
[SourceVersionDate "2016.10.10"]
[SourceQuality "1"]

1. e4 e5 2. Nf3 Nc6 3. Bb5 a6 4. Ba4 Nf6 5. d3 b5 6. Bb3 Bc5 7. Nc3 d6 8. Nd5 h6 9. c3 0-0 10. 0-0 Rb8 11. d4 Ba7 12. Be3 Nxe4 13. Re1 exd4 14. Nxd4 Bxd4 15. Bxd4 Nc5 16. Bf6 gxf6 17. Qh5 Nxb3 18. Qxh6 Ne5 19. Nxf6+ Qxf6 20. Qxf6 Nxa1 21. Rxe5 1/2-1/2

[Event "Biel MTO op 49th"]
[Site "Biel"]
[Date "2016.08.02"]
[Round "8"]
[White "Khairullin, Ildar"]
[Black "Aravindh, Chithambaram VR"]
[Result "1/2-1/2"]
[WhiteElo "2629"]
[BlackElo "2543"]
[PlyCount "50"]
[EventDate "2016.07.25"]
[EventType "swiss"]
[EventRounds "9"]
[EventCountry "SUI"]
[SourceTitle "CBM 173 Extra"]
[Source "ChessBase"]
[SourceDate "2016.08.29"]
[SourceVersion "1"]
[SourceVersionDate "2016.08.29"]
[SourceQuality "1"]

1. e4 c5 2. Nf3 Nc6 3. d4 cxd4 4. Nxd4 Nf6 5. Nc3 e5 6. Ndb5 d6 7. Bg5 a6 8. Na3 b5 9. Bxf6 gxf6 10. Nd5 f5 11. Bd3 Be6 12. c3 Bg7 13. Nxb5 axb5 14. Bxb5 Bd7 15. exf5 0-0 16. a4 e4 17. 0-0 Re8 18. Re1 Re5 19. Ne3 Ne7 20. Bxd7 Qxd7 21. Nc4 Rxf5 22. Qxd6 Qa7 23. Qb6 Qxb6 24. Nxb6 Ra6 25. Nc4 Rd5 1/2-1/2

[Event "Warsaw Najdorf Memorial op-A 14th"]
[Site "Warsaw"]
[Date "2016.07.11"]
[Round "4"]
[White "Khairullin, Ildar"]
[Black "Puranik, Abhimanyu Sameer"]
[Result "1-0"]
[WhiteElo "2629"]
[BlackElo "2475"]
[PlyCount "71"]
[EventDate "2016.07.08"]
[EventType "swiss"]
[EventRounds "9"]
[EventCountry "POL"]
[SourceTitle "CBM 173 Extra"]
[Source "ChessBase"]
[SourceDate "2016.08.29"]
[SourceVersion "1"]
[SourceVersionDate "2016.08.29"]
[SourceQuality "1"]

1. Nf3 Nf6 2. g3 g6 3. Bg2 Bg7 4. 0-0 0-0 5. d4 d5 6. c4 dxc4 7. Na3 c3 8. bxc3 c5 9. Ne5 Nc6 10. Nac4 Be6 11. Nxc6 bxc6 12. Ne5 Nd5 13. Bd2 Rc8 14. c4 Bxe5 15. dxe5 Nb6 16. Be3 Qc7 17. f4 Rfd8 18. Qe1 Nxc4 19. Bxc5 Rd2 20. Qf2 Rb8 21. Rfd1 Rbb2 22. Rxd2 Rxd2 23. Bxa7 Bd5 24. Bc5 Qd7 25. a4 Bxg2 26. Qxg2 Rd1+ 27. Rxd1 Qxd1+ 28. Kf2 Qxa4 29. Qe4 h5 30. Qd4 Qb3 31. Qd8+ Kh7 32. e6 Ne5 33. fxe5 Qxe6 34. Qxe7 Qf5+ 35. Ke3 Qf1 36. Kd2 1-0

[Event "RUS-ch Higher League 69th"]
[Site "Kolomna"]
[Date "2016.07.01"]
[Round "9"]
[White "Alekseenko, Kirill"]
[Black "Khairullin, Ildar"]
[Result "1/2-1/2"]
[WhiteElo "2576"]
[BlackElo "2629"]
[PlyCount "94"]
[EventDate "2016.06.22"]
[EventType "swiss"]
[EventRounds "9"]
[EventCountry "RUS"]
[SourceTitle "CBM 174"]
[Source "ChessBase"]
[SourceDate "2016.09.13"]
[SourceVersion "1"]
[SourceVersionDate "2016.09.13"]
[SourceQuality "1"]

1. e4 e5 2. Nf3 Nc6 3. Bb5 Nf6 4. d3 d6 5. c3 g6 6. 0-0 Bg7 7. Nbd2 Bd7 8. Ba4 0-0 9. Re1 Nh5 10. Nf1 Kh8 11. h3 Qe8 12. Bb3 f5 13. exf5 gxf5 14. d4 e4 15. Bc4 Ne7 16. Ng5 Qg6 17. h4 Bf6 18. Be2 Ng7 19. Ng3 Ne6 20. h5 Qe8 21. Nxe6 Bxe6 22. h6 Bf7 23. Nh5 Bxh5 24. Bxh5 Ng6 25. g3 Qe7 26. Qb3 c6 27. a4 d5 28. Qa3 Qd7 29. Qb3 f4 30. Bxg6 fxg3 31. fxg3 hxg6 32. Kg2 Be7 33. Bf4 Kh7 34. Rf1 Rf7 35. Be5 Raf8 36. Rxf7+ Rxf7 37. Rf1 Rxf1 38. Kxf1 Kxh6 39. Kg2 b6 40. Qd1 g5 41. Qh1+ Kg6 42. Qh8 Bd8 43. Qg8+ Kh6 44. Qf8+ Kg6 45. Qg8+ Kh6 46. Kh2 Qf5 47. Qh8+ Kg6 1/2-1/2